NBA Quiz - Name the Player Based on Their Signature Shoe Brand - Statistics

General Stats
  • This quiz has been taken 118 times
  • The average score is 12 of 22
Answer Stats
Answer % Correct
Stephen Curry
96%
LeBron James
95%
Kyrie Irving
83%
James Harden
79%
Kevin Durant
74%
Kawhi Leonard
71%
LaMelo Ball
70%
Giannis Antetokounmpo
68%
Damian Lillard
63%
Paul George
61%
Klay Thompson
60%
Chris Paul
59%
Joel Embiid
55%
Trae Young
53%
Russell Westbrook
51%
Zion Williamson
50%
Donovan Mitchell
49%
Derrick Rose
40%
Aaron Gordon
22%
CJ McCollum
17%
Gordon Hayward
13%
Langston Galloway
5%
No matching quizzes found
Score Distribution
Percent of People with Each Score
Percentile by Number Answered
Your Score History
You have not taken this quiz